000 00592 a2200169 4500
020 _a0136441963
020 _a9780136441960
090 _c802
_d802
100 1 _aHolzinger, Joseph.
245 1 0 _aStudent observation guide with laboratory exercises /
_cJoseph Holzinger, Michael A Seeds.
250 _a2nd ed.
260 _a[S.l.] :
_bPrentice Hall College Div,
_c1995.
300 _a304 p. ;
_c28 cm.
700 1 _aSeeds, Michael A.
942 _aSNS
_cBK
_k520 SEE
999 _c29426
_d29426